| 000 | 00501nam a2200169 i 4500 | ||
|---|---|---|---|
| 001 | 48553 | ||
| 003 | ES-MaACL | ||
| 005 | 20230906161755.0 | ||
| 007 | t| | ||
| 008 | 950724s1879 it |||| | ita d | ||
| 100 | 1 |
_aDe Sanctis, Francesco. _943078 |
|
| 245 | 1 | 0 |
_aStoria della letteratura italiana / _cdi Francesco de Sanctis. |
| 260 |
_aNapoli : _bAntonio Morano, _c1879. |
||
| 300 |
_a2 v. ; _c20 cm. |
||
| 650 | 4 |
_aLiteratura italiana- _xHistoria y crÃtica. _914631 |
|
| 852 |
_aES-MaACL _jB-3156-57 |
||
| 999 |
_c48553 _d48553 |
||